موسوعة العالم بين يديك / (Record no. 14683)
[ view plain ]
| 000 -LEADER | |
|---|---|
| fixed length control field | 02590nam a22003497a 4500 |
| 008 - FIXED-LENGTH DATA ELEMENTS--GENERAL INFORMATION | |
| fixed length control field | 100822t xxu||||| |||| 00| 0 eng d |
| 082 ## - DEWEY DECIMAL CLASSIFICATION NUMBER | |
| Edition number | 22 |
| Classification number | 081 |
| Item number | ز ا ن |
| 100 ## - MAIN ENTRY--PERSONAL NAME | |
| 9 (RLIN) | 17616 |
| Personal name | زانينى, غيوسيبى |
| 245 ## - TITLE STATEMENT | |
| Title | موسوعة العالم بين يديك / |
| Statement of responsibility, etc | زانينى, غيوسيبى |
| 260 ## - PUBLICATION, DISTRIBUTION, ETC. (IMPRINT) | |
| Place of publication, distribution, etc | سويسرا : |
| Name of publisher, distributor, etc | سيلكا, |
| Date of publication, distribution, etc | [1987] |
| 300 ## - PHYSICAL DESCRIPTION | |
| Extent | مج: |
| Other physical details | ايض؛ |
| Dimensions | 30 سم. |
| 500 ## - GENERAL NOTE | |
| General note | رسوم تونى وولف |
| 500 ## - GENERAL NOTE | |
| General note | أعاد صياغة النص لهذه الطبعة يعقوب الشارونى |
| 650 ## - SUBJECT ADDED ENTRY--TOPICAL TERM | |
| 9 (RLIN) | 17609 |
| Topical term or geographic name as entry element | أختراعات |
| 650 ## - SUBJECT ADDED ENTRY--TOPICAL TERM | |
| 9 (RLIN) | 17610 |
| Topical term or geographic name as entry element | كوكب الأرض |
| 650 ## - SUBJECT ADDED ENTRY--TOPICAL TERM | |
| 9 (RLIN) | 17611 |
| Topical term or geographic name as entry element | إكتشافات علمية |
| 650 ## - SUBJECT ADDED ENTRY--TOPICAL TERM | |
| 9 (RLIN) | 14663 |
| Topical term or geographic name as entry element | تاريخ |
| 650 ## - SUBJECT ADDED ENTRY--TOPICAL TERM | |
| 9 (RLIN) | 17613 |
| Topical term or geographic name as entry element | السياحة |
| 650 ## - SUBJECT ADDED ENTRY--TOPICAL TERM | |
| 9 (RLIN) | 17614 |
| Topical term or geographic name as entry element | طبيعة |
| 650 ## - SUBJECT ADDED ENTRY--TOPICAL TERM | |
| 9 (RLIN) | 15140 |
| Topical term or geographic name as entry element | الكون |
| 942 ## - ADDED ENTRY ELEMENTS (KOHA) | |
| Source of classification or shelving scheme | Dewey Decimal Classification |
| Item type | Book - Borrowing |
| Withdrawn status | Item status | Source of classification or shelving scheme | Materials specified (bound volume or other part) | Damaged status | Not for loan | Home library | Current library | Shelving location | Date acquired | Source of acquisition | Total Checkouts | Full call number | Barcode | Date last seen | Koha item type | Public note | Date last borrowed |
|---|---|---|---|---|---|---|---|---|---|---|---|---|---|---|---|---|---|
| Lost | Dewey Decimal Classification | Lost In Inventory 15-7-2025 | Central Library | Central Library | Ground Floor | 23/08/2010 | Purchase | 081 ز ا ن | 000025122 | 11/06/2024 | Reference (NB) | 1 - كل شئ عن إكتشاف الأرض والكون | |||||
| Dewey Decimal Classification | Central Library | Central Library | Ground Floor | 23/08/2010 | Purchase | 1 | 081 ز ا ن | 000025121 | 15/07/2025 | Reference (NB) | 2 - كل شئ عن الإكتشافات العلمية | 13/09/2010 | |||||
| Dewey Decimal Classification | Central Library | Central Library | Ground Floor | 23/08/2010 | Purchase | 081 ز ا ن | 000025120 | 15/07/2025 | Reference (NB) | 3 - كل شئ عن التاريخ | |||||||
| Dewey Decimal Classification | Central Library | Central Library | Ground Floor | 23/08/2010 | Purchase | 1 | 081 ز ا ن | 000025110 | 15/07/2025 | Reference (NB) | 4 - كل شئ عن التقدم العلمى | 13/09/2010 | |||||
| Dewey Decimal Classification | Central Library | Central Library | Ground Floor | 23/08/2010 | Purchase | 1 | 081 ز ا ن | 000025109 | 15/07/2025 | Reference (NB) | 5 - كل شئ عن الإختراعات | 13/09/2010 | |||||
| Dewey Decimal Classification | Central Library | Central Library | Ground Floor | 23/08/2010 | Purchase | 081 ز ا ن | 000025107 | 15/07/2025 | Reference (NB) | 8 - كل شئ عن الطبيعة | |||||||
| Dewey Decimal Classification | Central Library | Central Library | Ground Floor | 23/08/2010 | Purchase | 1 | 081 ز ا ن | 000025106 | 15/07/2025 | Reference (NB) | 10 - كل شئ عن السياحة | 01/08/2016 | |||||
| Dewey Decimal Classification | Central Library | Central Library | Ground Floor | 23/08/2010 | Purchase | 081 ز ا ن | 000025105 | 15/07/2025 | Reference (NB) | 7 - كل شئ عن الأرض | |||||||
| Dewey Decimal Classification | Central Library | Central Library | Ground Floor | 23/08/2010 | Purchase | 081 ز ا ن | 000025104 | 15/07/2025 | Reference (NB) | 9 - كل شئ عن الحياة | |||||||
| Dewey Decimal Classification | Central Library | Central Library | Ground Floor | 23/08/2010 | Purchase | 081 ز ا ن | 000025103 | 15/07/2025 | Reference (NB) | 6 - كل شئ عن المهن |